<?xml version="1.0" encoding="UTF-8"?>
<record
    xmlns:xsi="http://www.w3.org/2001/XMLSchema-instance"
    xsi:schemaLocation="http://www.loc.gov/MARC21/slim http://www.loc.gov/standards/marcxml/schema/MARC21slim.xsd"
    xmlns="http://www.loc.gov/MARC21/slim">

  <leader>05540cas a2200553 a 4500</leader>
  <controlfield tag="001">49887</controlfield>
  <controlfield tag="005">20230411090000.0</controlfield>
  <controlfield tag="008">920603c19899999sp qr        f0    0spa  </controlfield>
  <datafield tag="010" ind1=" " ind2=" ">
    <subfield code="a">   92661126 </subfield>
  </datafield>
  <datafield tag="035" ind1=" " ind2=" ">
    <subfield code="a">(OCoLC)ocm25932013</subfield>
  </datafield>
  <datafield tag="040" ind1=" " ind2=" ">
    <subfield code="a">DLC</subfield>
    <subfield code="c">DLC</subfield>
    <subfield code="d">OCLCQ</subfield>
    <subfield code="d">DRFGD</subfield>
  </datafield>
  <datafield tag="043" ind1=" " ind2=" ">
    <subfield code="a">e-sp---</subfield>
  </datafield>
  <datafield tag="090" ind1="0" ind2="0">
    <subfield code="a">HD771.A1</subfield>
    <subfield code="b">C38</subfield>
  </datafield>
  <datafield tag="049" ind1=" " ind2=" ">
    <subfield code="a">GRAL</subfield>
  </datafield>
  <datafield tag="245" ind1="0" ind2="0">
    <subfield code="a">Catastro /</subfield>
    <subfield code="c">Centro de Gestion Catastral y Cooperacion Tributaria.</subfield>
  </datafield>
  <datafield tag="260" ind1=" " ind2=" ">
    <subfield code="a">Madrid :</subfield>
    <subfield code="b">Ministerio de Economia y Hacienda,</subfield>
    <subfield code="c">[1989-</subfield>
  </datafield>
  <datafield tag="300" ind1=" " ind2=" ">
    <subfield code="a">No. &lt;38-55&gt; :</subfield>
    <subfield code="b">ill. ;</subfield>
    <subfield code="c">29 cm.</subfield>
  </datafield>
  <datafield tag="310" ind1=" " ind2=" ">
    <subfield code="a">Cuatrimestral</subfield>
  </datafield>
  <datafield tag="362" ind1="0" ind2=" ">
    <subfield code="a">Ano 1, no. 1 (jun. 1989)-</subfield>
  </datafield>
  <datafield tag="500" ind1=" " ind2=" ">
    <subfield code="a">Title from cover.</subfield>
  </datafield>
  <datafield tag="505" ind1=" " ind2=" ">
    <subfield code="a">No. 38: La competencia estatal sobre el Catastro.- No. 39: Valoraci&#xF3;n, comprobaci&#xF3;n de valores y c&#xF3;mputo de valores de los inmuebles a efectos fiscales-. No. 40: El c&#xE1;lculo de las bases imponibles en la antigua Contribuci&#xF3;n R&#xFA;stica y en el actual Impuesto de Bienes Inmuebles de Naturaleza R&#xFA;stica.- No. 41: La nueva bonificaci&#xF3;n en el Impuesto sobre Bienes Inmuebles .- No. 42: Referencia catastral r&#xFA;stica.- No. 43: Homogeneizaci&#xF3;n de aprovechamientos.- No. 44: La evoluci&#xF3;n del catastro de Madrid.- No. 45:Los Retos del Futuro Catastro Europeo.- No. 46: El Catastro de Ensenada en su circunstancia.- No. 47: El r&#xE9;gimen transitorio en la nueva normativa reguladora del Catastro y el Impuesto sobre Bienes Inmuebles.- No. 48: 7 La Ley del Catastro Inmobiliario (Parte I).- No. 49: "Panorama actual de la cartograf&#xED;a catastral".- No. 50: El Catastro y el Impuesto sobre Bienes Inmuebles.- No. 51: La depreciaci&#xF3;n del suelo edificado en la valoraci&#xF3;n catastral.- No. 52: La incidencia de la normativa de la Uni&#xF3;n Europea sobre la difusi&#xF3;n de informaci&#xF3;ncatastral (I).- No. 53: La incidencia de la normativa de la Uni&#xF3;n Europea sobre la difusi&#xF3;n de informaci&#xF3;n catastral (II).- No. 54: El Catastro y la reforma de la Pol&#xED;tica Agr&#xED;cola Com&#xFA;n de la Uni&#xF3;n Europea. La implantaci&#xF3;n del SIGPAC.- No. 55: La autoevaluaci&#xF3;n EFQM en la Direcci&#xF3;n General del Catastro.</subfield>
  </datafield>
  <datafield tag="520" ind1=" " ind2=" ">
    <subfield code="a">CT/CATASTRO es una revista de la Direcci&#xF3;n General del Catastro, con una periodicidad cuatrimestral especializada en la gesti&#xF3;n del catastro y la tributaci&#xF3;n inmobiliaria, constituyendo un foro de discusi&#xF3;n y an&#xE1;lisis de todos los problemas derivados de la citada gesti&#xF3;n, recogiendo, tambi&#xE9;n, los intereses del mundo de la Administraci&#xF3;n Local directamente relacionados con el Catastro.</subfield>
  </datafield>
  <datafield tag="650" ind1=" " ind2="4">
    <subfield code="a">Gestion Tributaria</subfield>
    <subfield code="z">Espa&#xF1;a</subfield>
    <subfield code="v">Publicaciones Seriadas</subfield>
  </datafield>
  <datafield tag="650" ind1=" " ind2="4">
    <subfield code="a">Gestion Tributaria</subfield>
    <subfield code="x">Tierra</subfield>
    <subfield code="v">Publicaciones Seriadas</subfield>
  </datafield>
  <datafield tag="650" ind1=" " ind2="4">
    <subfield code="a">Gestion Tributaria</subfield>
    <subfield code="x">Bienes Inmoviliarios</subfield>
    <subfield code="v">Publicaciones Seriadas</subfield>
  </datafield>
  <datafield tag="710" ind1="2" ind2=" ">
    <subfield code="a">Direccion General del Catastro (Espa&#xF1;a)</subfield>
  </datafield>
  <datafield tag="856" ind1=" " ind2=" ">
    <subfield code="3">Ct-Catastro</subfield>
    <subfield code="u">http://www.catastro.meh.es/esp/publicaciones1.asp#menu3</subfield>
  </datafield>
  <datafield tag="856" ind1=" " ind2=" ">
    <subfield code="3">Sumario de la revista</subfield>
    <subfield code="u">http://www.catastro.meh.es/esp/publicaciones2.asp</subfield>
  </datafield>
  <datafield tag="856" ind1=" " ind2=" ">
    <subfield code="3">Direccion General del Catastro, Editor</subfield>
    <subfield code="u">http://www.catastro.meh.es</subfield>
  </datafield>
  <datafield tag="856" ind1=" " ind2=" ">
    <subfield code="3">Ct-Catastro en Firstsearch</subfield>
    <subfield code="u">http://firstsearch.oclc.org/fsip</subfield>
  </datafield>
  <datafield tag="856" ind1=" " ind2=" ">
    <subfield code="3">Ct-Catastro en Dialnet</subfield>
    <subfield code="u">http://dialnet.unirioja.es/servlet/revista?clave_revista=341&amp;tipo_busqueda=CODIGO</subfield>
  </datafield>
  <datafield tag="856" ind1=" " ind2=" ">
    <subfield code="3">Indice de Autores de la Revista en Dialnet</subfield>
    <subfield code="u">http://dialnet.unirioja.es/servlet/listaautores?tipo_busqueda=REVISTA&amp;clave_busqueda=341</subfield>
  </datafield>
  <datafield tag="856" ind1=" " ind2=" ">
    <subfield code="3">Texto completo No. 42</subfield>
    <subfield code="u">http://dialnet.unirioja.es/servlet/listaarticulos?tipo_busqueda=EJEMPLAR&amp;revista_busqueda=341&amp;clave_busqueda=19008</subfield>
  </datafield>
  <datafield tag="856" ind1=" " ind2=" ">
    <subfield code="3">Texto completo No. 43</subfield>
    <subfield code="u">http://dialnet.unirioja.es/servlet/listaarticulos?tipo_busqueda=EJEMPLAR&amp;revista_busqueda=341&amp;clave_busqueda=28056</subfield>
  </datafield>
  <datafield tag="856" ind1=" " ind2=" ">
    <subfield code="3">Texto completo No. 44</subfield>
    <subfield code="u">http://dialnet.unirioja.es/servlet/listaarticulos?tipo_busqueda=EJEMPLAR&amp;revista_busqueda=341&amp;clave_busqueda=52491</subfield>
  </datafield>
  <datafield tag="856" ind1=" " ind2=" ">
    <subfield code="3">Texto completo No. 45</subfield>
    <subfield code="u">http://dialnet.unirioja.es/servlet/listaarticulos?tipo_busqueda=EJEMPLAR&amp;revista_busqueda=341&amp;clave_busqueda=58828</subfield>
  </datafield>
  <datafield tag="856" ind1=" " ind2=" ">
    <subfield code="3">Texto completo No. 46</subfield>
    <subfield code="u">http://dialnet.unirioja.es/servlet/listaarticulos?tipo_busqueda=EJEMPLAR&amp;revista_busqueda=341&amp;clave_busqueda=67002</subfield>
  </datafield>
  <datafield tag="856" ind1=" " ind2=" ">
    <subfield code="3">Texto completo No. 47</subfield>
    <subfield code="u">http://dialnet.unirioja.es/servlet/listaarticulos?tipo_busqueda=EJEMPLAR&amp;revista_busqueda=341&amp;clave_busqueda=73358</subfield>
  </datafield>
  <datafield tag="856" ind1=" " ind2=" ">
    <subfield code="3">Texto completo No. 48</subfield>
    <subfield code="u">http://dialnet.unirioja.es/servlet/listaarticulos?tipo_busqueda=EJEMPLAR&amp;revista_busqueda=341&amp;clave_busqueda=75324</subfield>
  </datafield>
  <datafield tag="856" ind1=" " ind2=" ">
    <subfield code="3">Texto completo No. 49</subfield>
    <subfield code="u">http://dialnet.unirioja.es/servlet/listaarticulos?tipo_busqueda=EJEMPLAR&amp;revista_busqueda=341&amp;clave_busqueda=83468</subfield>
  </datafield>
  <datafield tag="856" ind1=" " ind2=" ">
    <subfield code="3">Texto completo No. 50</subfield>
    <subfield code="u">http://dialnet.unirioja.es/servlet/listaarticulos?tipo_busqueda=EJEMPLAR&amp;revista_busqueda=341&amp;clave_busqueda=91635</subfield>
  </datafield>
  <datafield tag="856" ind1=" " ind2=" ">
    <subfield code="3">Texto completo No. 51</subfield>
    <subfield code="u">http://dialnet.unirioja.es/servlet/listaarticulos?tipo_busqueda=EJEMPLAR&amp;revista_busqueda=341&amp;clave_busqueda=97134</subfield>
  </datafield>
  <datafield tag="856" ind1=" " ind2=" ">
    <subfield code="3">Texto completo No. 52</subfield>
    <subfield code="u">http://dialnet.unirioja.es/servlet/listaarticulos?tipo_busqueda=EJEMPLAR&amp;revista_busqueda=341&amp;clave_busqueda=102804</subfield>
  </datafield>
  <datafield tag="856" ind1=" " ind2=" ">
    <subfield code="3">Texto completo No. 53</subfield>
    <subfield code="u">http://dialnet.unirioja.es/servlet/listaarticulos?tipo_busqueda=EJEMPLAR&amp;revista_busqueda=341&amp;clave_busqueda=131825</subfield>
  </datafield>
  <datafield tag="856" ind1=" " ind2=" ">
    <subfield code="3">Texto completo No. 54</subfield>
    <subfield code="u">http://dialnet.unirioja.es/servlet/listaarticulos?tipo_busqueda=EJEMPLAR&amp;revista_busqueda=341&amp;clave_busqueda=131826</subfield>
  </datafield>
  <datafield tag="856" ind1=" " ind2=" ">
    <subfield code="3">Texto completo No. 55</subfield>
    <subfield code="u">http://dialnet.unirioja.es/servlet/listaarticulos?tipo_busqueda=EJEMPLAR&amp;revista_busqueda=341&amp;clave_busqueda=131828</subfield>
  </datafield>
  <datafield tag="942" ind1=" " ind2=" ">
    <subfield code="2">lcc</subfield>
    <subfield code="c">bk</subfield>
  </datafield>
  <datafield tag="994" ind1=" " ind2=" ">
    <subfield code="a">PP</subfield>
    <subfield code="b">DRFGD</subfield>
  </datafield>
  <datafield tag="999" ind1=" " ind2=" ">
    <subfield code="c">110412</subfield>
    <subfield code="d">110412</subfield>
  </datafield>
  <datafield tag="952" ind1=" " ind2=" ">
    <subfield code="0">0</subfield>
    <subfield code="1">0</subfield>
    <subfield code="2">lcc</subfield>
    <subfield code="4">0</subfield>
    <subfield code="7">0</subfield>
    <subfield code="8">APT</subfield>
    <subfield code="a">BJB</subfield>
    <subfield code="b">BJB</subfield>
    <subfield code="c">APT</subfield>
    <subfield code="d">2023-04-11</subfield>
    <subfield code="h">No. 55</subfield>
    <subfield code="l">0</subfield>
    <subfield code="p">00000051224</subfield>
    <subfield code="r">2019-02-17 00:00:00</subfield>
    <subfield code="t">1</subfield>
    <subfield code="w">2019-02-17</subfield>
    <subfield code="y">bk</subfield>
  </datafield>
  <datafield tag="952" ind1=" " ind2=" ">
    <subfield code="0">0</subfield>
    <subfield code="1">0</subfield>
    <subfield code="2">lcc</subfield>
    <subfield code="4">0</subfield>
    <subfield code="7">0</subfield>
    <subfield code="8">APT</subfield>
    <subfield code="a">BJB</subfield>
    <subfield code="b">BJB</subfield>
    <subfield code="c">APT</subfield>
    <subfield code="d">2023-04-11</subfield>
    <subfield code="h">No. 38</subfield>
    <subfield code="l">0</subfield>
    <subfield code="p">00000051207</subfield>
    <subfield code="r">2019-02-17 00:00:00</subfield>
    <subfield code="t">1</subfield>
    <subfield code="w">2019-02-17</subfield>
    <subfield code="y">bk</subfield>
  </datafield>
  <datafield tag="952" ind1=" " ind2=" ">
    <subfield code="0">0</subfield>
    <subfield code="1">0</subfield>
    <subfield code="2">lcc</subfield>
    <subfield code="4">0</subfield>
    <subfield code="7">0</subfield>
    <subfield code="8">APT</subfield>
    <subfield code="a">BJB</subfield>
    <subfield code="b">BJB</subfield>
    <subfield code="c">APT</subfield>
    <subfield code="d">2023-04-11</subfield>
    <subfield code="h">No. 39</subfield>
    <subfield code="l">0</subfield>
    <subfield code="p">00000051208</subfield>
    <subfield code="r">2019-02-17 00:00:00</subfield>
    <subfield code="t">1</subfield>
    <subfield code="w">2019-02-17</subfield>
    <subfield code="y">bk</subfield>
  </datafield>
  <datafield tag="952" ind1=" " ind2=" ">
    <subfield code="0">0</subfield>
    <subfield code="1">0</subfield>
    <subfield code="2">lcc</subfield>
    <subfield code="4">0</subfield>
    <subfield code="7">0</subfield>
    <subfield code="8">APT</subfield>
    <subfield code="a">BJB</subfield>
    <subfield code="b">BJB</subfield>
    <subfield code="c">APT</subfield>
    <subfield code="d">2023-04-11</subfield>
    <subfield code="h">No. 40</subfield>
    <subfield code="l">0</subfield>
    <subfield code="p">00000051209</subfield>
    <subfield code="r">2019-02-17 00:00:00</subfield>
    <subfield code="t">1</subfield>
    <subfield code="w">2019-02-17</subfield>
    <subfield code="y">bk</subfield>
  </datafield>
  <datafield tag="952" ind1=" " ind2=" ">
    <subfield code="0">0</subfield>
    <subfield code="1">0</subfield>
    <subfield code="2">lcc</subfield>
    <subfield code="4">0</subfield>
    <subfield code="7">0</subfield>
    <subfield code="8">APT</subfield>
    <subfield code="a">BJB</subfield>
    <subfield code="b">BJB</subfield>
    <subfield code="c">APT</subfield>
    <subfield code="d">2023-04-11</subfield>
    <subfield code="h">No. 41</subfield>
    <subfield code="l">0</subfield>
    <subfield code="p">00000051210</subfield>
    <subfield code="r">2019-02-17 00:00:00</subfield>
    <subfield code="t">1</subfield>
    <subfield code="w">2019-02-17</subfield>
    <subfield code="y">bk</subfield>
  </datafield>
  <datafield tag="952" ind1=" " ind2=" ">
    <subfield code="0">0</subfield>
    <subfield code="1">0</subfield>
    <subfield code="2">lcc</subfield>
    <subfield code="4">0</subfield>
    <subfield code="7">0</subfield>
    <subfield code="8">APT</subfield>
    <subfield code="a">BJB</subfield>
    <subfield code="b">BJB</subfield>
    <subfield code="c">APT</subfield>
    <subfield code="d">2023-04-11</subfield>
    <subfield code="h">No. 42</subfield>
    <subfield code="l">0</subfield>
    <subfield code="p">00000051211</subfield>
    <subfield code="r">2019-02-17 00:00:00</subfield>
    <subfield code="t">1</subfield>
    <subfield code="w">2019-02-17</subfield>
    <subfield code="y">bk</subfield>
  </datafield>
  <datafield tag="952" ind1=" " ind2=" ">
    <subfield code="0">0</subfield>
    <subfield code="1">0</subfield>
    <subfield code="2">lcc</subfield>
    <subfield code="4">0</subfield>
    <subfield code="7">0</subfield>
    <subfield code="8">APT</subfield>
    <subfield code="a">BJB</subfield>
    <subfield code="b">BJB</subfield>
    <subfield code="c">APT</subfield>
    <subfield code="d">2023-04-11</subfield>
    <subfield code="h">No. 43</subfield>
    <subfield code="l">0</subfield>
    <subfield code="p">00000051212</subfield>
    <subfield code="r">2019-02-17 00:00:00</subfield>
    <subfield code="t">1</subfield>
    <subfield code="w">2019-02-17</subfield>
    <subfield code="y">bk</subfield>
  </datafield>
  <datafield tag="952" ind1=" " ind2=" ">
    <subfield code="0">0</subfield>
    <subfield code="1">0</subfield>
    <subfield code="2">lcc</subfield>
    <subfield code="4">0</subfield>
    <subfield code="7">0</subfield>
    <subfield code="8">APT</subfield>
    <subfield code="a">BJB</subfield>
    <subfield code="b">BJB</subfield>
    <subfield code="c">APT</subfield>
    <subfield code="d">2023-04-11</subfield>
    <subfield code="h">No. 44</subfield>
    <subfield code="l">0</subfield>
    <subfield code="p">00000051213</subfield>
    <subfield code="r">2019-02-17 00:00:00</subfield>
    <subfield code="t">1</subfield>
    <subfield code="w">2019-02-17</subfield>
    <subfield code="y">bk</subfield>
  </datafield>
  <datafield tag="952" ind1=" " ind2=" ">
    <subfield code="0">0</subfield>
    <subfield code="1">0</subfield>
    <subfield code="2">lcc</subfield>
    <subfield code="4">0</subfield>
    <subfield code="7">0</subfield>
    <subfield code="8">APT</subfield>
    <subfield code="a">BJB</subfield>
    <subfield code="b">BJB</subfield>
    <subfield code="c">APT</subfield>
    <subfield code="d">2023-04-11</subfield>
    <subfield code="h">No. 45</subfield>
    <subfield code="l">0</subfield>
    <subfield code="p">00000051214</subfield>
    <subfield code="r">2019-02-17 00:00:00</subfield>
    <subfield code="t">1</subfield>
    <subfield code="w">2019-02-17</subfield>
    <subfield code="y">bk</subfield>
  </datafield>
  <datafield tag="952" ind1=" " ind2=" ">
    <subfield code="0">0</subfield>
    <subfield code="1">0</subfield>
    <subfield code="2">lcc</subfield>
    <subfield code="4">0</subfield>
    <subfield code="7">0</subfield>
    <subfield code="8">APT</subfield>
    <subfield code="a">BJB</subfield>
    <subfield code="b">BJB</subfield>
    <subfield code="c">APT</subfield>
    <subfield code="d">2023-04-11</subfield>
    <subfield code="h">No. 46</subfield>
    <subfield code="l">0</subfield>
    <subfield code="p">00000051215</subfield>
    <subfield code="r">2019-02-17 00:00:00</subfield>
    <subfield code="t">1</subfield>
    <subfield code="w">2019-02-17</subfield>
    <subfield code="y">bk</subfield>
  </datafield>
  <datafield tag="952" ind1=" " ind2=" ">
    <subfield code="0">0</subfield>
    <subfield code="1">0</subfield>
    <subfield code="2">lcc</subfield>
    <subfield code="4">0</subfield>
    <subfield code="7">0</subfield>
    <subfield code="8">APT</subfield>
    <subfield code="a">BJB</subfield>
    <subfield code="b">BJB</subfield>
    <subfield code="c">APT</subfield>
    <subfield code="d">2023-04-11</subfield>
    <subfield code="h">No. 47</subfield>
    <subfield code="l">0</subfield>
    <subfield code="p">00000051216</subfield>
    <subfield code="r">2019-02-17 00:00:00</subfield>
    <subfield code="t">1</subfield>
    <subfield code="w">2019-02-17</subfield>
    <subfield code="y">bk</subfield>
  </datafield>
  <datafield tag="952" ind1=" " ind2=" ">
    <subfield code="0">0</subfield>
    <subfield code="1">0</subfield>
    <subfield code="2">lcc</subfield>
    <subfield code="4">0</subfield>
    <subfield code="7">0</subfield>
    <subfield code="8">APT</subfield>
    <subfield code="a">BJB</subfield>
    <subfield code="b">BJB</subfield>
    <subfield code="c">APT</subfield>
    <subfield code="d">2023-04-11</subfield>
    <subfield code="h">No. 48</subfield>
    <subfield code="l">0</subfield>
    <subfield code="p">00000051217</subfield>
    <subfield code="r">2019-02-17 00:00:00</subfield>
    <subfield code="t">1</subfield>
    <subfield code="w">2019-02-17</subfield>
    <subfield code="y">bk</subfield>
  </datafield>
  <datafield tag="952" ind1=" " ind2=" ">
    <subfield code="0">0</subfield>
    <subfield code="1">0</subfield>
    <subfield code="2">lcc</subfield>
    <subfield code="4">0</subfield>
    <subfield code="7">0</subfield>
    <subfield code="8">APT</subfield>
    <subfield code="a">BJB</subfield>
    <subfield code="b">BJB</subfield>
    <subfield code="c">APT</subfield>
    <subfield code="d">2023-04-11</subfield>
    <subfield code="h">No. 49</subfield>
    <subfield code="l">0</subfield>
    <subfield code="p">00000051218</subfield>
    <subfield code="r">2019-02-17 00:00:00</subfield>
    <subfield code="t">1</subfield>
    <subfield code="w">2019-02-17</subfield>
    <subfield code="y">bk</subfield>
  </datafield>
  <datafield tag="952" ind1=" " ind2=" ">
    <subfield code="0">0</subfield>
    <subfield code="1">0</subfield>
    <subfield code="2">lcc</subfield>
    <subfield code="4">0</subfield>
    <subfield code="7">0</subfield>
    <subfield code="8">APT</subfield>
    <subfield code="a">BJB</subfield>
    <subfield code="b">BJB</subfield>
    <subfield code="c">APT</subfield>
    <subfield code="d">2023-04-11</subfield>
    <subfield code="h">No. 50</subfield>
    <subfield code="l">0</subfield>
    <subfield code="p">00000051219</subfield>
    <subfield code="r">2019-02-17 00:00:00</subfield>
    <subfield code="t">1</subfield>
    <subfield code="w">2019-02-17</subfield>
    <subfield code="y">bk</subfield>
  </datafield>
  <datafield tag="952" ind1=" " ind2=" ">
    <subfield code="0">0</subfield>
    <subfield code="1">0</subfield>
    <subfield code="2">lcc</subfield>
    <subfield code="4">0</subfield>
    <subfield code="7">0</subfield>
    <subfield code="8">APT</subfield>
    <subfield code="a">BJB</subfield>
    <subfield code="b">BJB</subfield>
    <subfield code="c">APT</subfield>
    <subfield code="d">2023-04-11</subfield>
    <subfield code="h">No. 51</subfield>
    <subfield code="l">0</subfield>
    <subfield code="p">00000051220</subfield>
    <subfield code="r">2019-02-17 00:00:00</subfield>
    <subfield code="t">1</subfield>
    <subfield code="w">2019-02-17</subfield>
    <subfield code="y">bk</subfield>
  </datafield>
  <datafield tag="952" ind1=" " ind2=" ">
    <subfield code="0">0</subfield>
    <subfield code="1">0</subfield>
    <subfield code="2">lcc</subfield>
    <subfield code="4">0</subfield>
    <subfield code="7">0</subfield>
    <subfield code="8">APT</subfield>
    <subfield code="a">BJB</subfield>
    <subfield code="b">BJB</subfield>
    <subfield code="c">APT</subfield>
    <subfield code="d">2023-04-11</subfield>
    <subfield code="h">No. 52</subfield>
    <subfield code="l">0</subfield>
    <subfield code="p">00000051221</subfield>
    <subfield code="r">2019-02-17 00:00:00</subfield>
    <subfield code="t">1</subfield>
    <subfield code="w">2019-02-17</subfield>
    <subfield code="y">bk</subfield>
  </datafield>
  <datafield tag="952" ind1=" " ind2=" ">
    <subfield code="0">0</subfield>
    <subfield code="1">0</subfield>
    <subfield code="2">lcc</subfield>
    <subfield code="4">0</subfield>
    <subfield code="7">0</subfield>
    <subfield code="8">APT</subfield>
    <subfield code="a">BJB</subfield>
    <subfield code="b">BJB</subfield>
    <subfield code="c">APT</subfield>
    <subfield code="d">2023-04-11</subfield>
    <subfield code="h">No. 53</subfield>
    <subfield code="l">0</subfield>
    <subfield code="p">00000051222</subfield>
    <subfield code="r">2019-02-17 00:00:00</subfield>
    <subfield code="t">1</subfield>
    <subfield code="w">2019-02-17</subfield>
    <subfield code="y">bk</subfield>
  </datafield>
  <datafield tag="952" ind1=" " ind2=" ">
    <subfield code="0">0</subfield>
    <subfield code="1">0</subfield>
    <subfield code="2">lcc</subfield>
    <subfield code="4">0</subfield>
    <subfield code="7">0</subfield>
    <subfield code="8">APT</subfield>
    <subfield code="a">BJB</subfield>
    <subfield code="b">BJB</subfield>
    <subfield code="c">APT</subfield>
    <subfield code="d">2023-04-11</subfield>
    <subfield code="h">No. 54</subfield>
    <subfield code="l">0</subfield>
    <subfield code="p">00000051223</subfield>
    <subfield code="r">2019-02-17 00:00:00</subfield>
    <subfield code="t">1</subfield>
    <subfield code="w">2019-02-17</subfield>
    <subfield code="y">bk</subfield>
  </datafield>
</record>
